000
00259nam a2200097Ia 4500
001
640562
005
20250826153450.0
008
250824s9999 xx 000 0 und d
245
0
_a
YAZI TURA VE OLASILIK HESAPLARI
_c
KJARTAN POSKITT
260
_b
EĞLENCELİ BİLGİ
999
_c
640562
_d
640562